000 00714nam a2200217 i 4500
001 79195
003 ES-MaACL
005 20250805064138.0
007 t|
008 041020s1969 sp ||||1| spa d
100 1 _aHawthorne, Nathaniel.
_962176
245 1 3 _aLa letra escarlata /
_cNathaniel Hawthorne ; [Teófilo Gautier, Una noche de Cleopatra].
260 _aMadrid :
_bPerez del Hoyo,
_c[1969]
300 _a190 p. ;
_c18 cm.
490 1 _a100 Clásicos Universales ;
_v24
700 1 _aGautier, Théophile,
_d1811-1872
_9170960
740 0 _aUna noche de Cleopatra.
830 0 _a100 Clásicos Universales ;
_v24
_9181952
852 _aES-MaACL
_jC-40421
_bR.72037
999 _c79195
_d79195